The Charles Press handbook of current medical abbreviations. (Record no. 102927)
[ view plain ]
| 000 -LEADER | |
|---|---|
| fixed length control field | 00494cam a2200169 a 4500 |
| 001 - CONTROL NUMBER | |
| control field | 3887751 |
| 005 - DATE AND TIME OF LATEST TRANSACTION | |
| control field | 20190819104235.0 |
| 008 - FIXED-LENGTH DATA ELEMENTS--GENERAL INFORMATION | |
| fixed length control field | 901001s1991 pau d 000 0 eng c |
| 020 ## - INTERNATIONAL STANDARD BOOK NUMBER | |
| International Standard Book Number | 0914783475 |
| 035 ## - SYSTEM CONTROL NUMBER | |
| System control number | (Sirsi) a150793 |
| 050 ## - LIBRARY OF CONGRESS CALL NUMBER | |
| Classification number | R 123 CHA 1990 |
| 245 ## - TITLE STATEMENT | |
| Title | The Charles Press handbook of current medical abbreviations. |
| 250 ## - EDITION STATEMENT | |
| Edition statement | 3rd ed. |
| 260 ## - PUBLICATION, DISTRIBUTION, ETC. | |
| Place of publication, distribution, etc. | Philadelphia : |
| Name of publisher, distributor, etc. | Charles Press Publishers, |
| Date of publication, distribution, etc. | c1991. |
| 300 ## - PHYSICAL DESCRIPTION | |
| Extent | vi, 184 p. ; |
| Dimensions | 19 cm. |
| 650 ## - SUBJECT ADDED ENTRY--TOPICAL TERM | |
| Topical term or geographic name entry element | Medicine |
| General subdivision | Abbreviations. |
No items available.